1711 1698 1263 1923 1926 1372 1711 1320 1356 1838 1365 1034 1556 1611 1695 1187 1600 1336 1348 1905 1704 1995 1270 1376 1510 1612 1086 1538 1173 1843 1906 1274 1916 1369 1869 1537 1551 1987 1846 1447 1576 1231 1706 1303 1919 1748 1176 1330 1632 1354 1973 1072 1422 1345 1421 1623 1852 1658 1624 1437 1108 1367 1207 1376 1396 1339 1622 1893 1470 1311 1029 1887 1789 1439 1507 1955 1061 1899 1017 1107 1004 1783 1859 1670 1913 1219 1915 1825 1651 1115 1140 1773 1390 1471 1946 1822 1025 1577 1280 BCNSPRNW ULIB Ver.6.0+V

เปลี่ยนเป็นภาษาไทย

Change to English
 แสดงรายละเอียดบรรณานุกรม
  กลับหน้าหลัก

Brief Record : Get Marc (ISO 2709) : E-mail record : QR code < ปิดหน้าต่าง
LEADER : 00000nam 2200000uu 4500
001    13399115316
003     ULIB
008    020711s2549 th a 000 0 tha d
020    ^a9749447166
099    ^aนว.^bN11ร
100    ^anj venus
245    ^aรักครั้งนี้ สู้ไม่มีถอย : Fighting of Love /^cnj venus
260    ^aกรุงเทพฯ :^b1168 พับลิชชิ่ง,^c2549
300    ^a336 หน้า หน้า
945    ^p178^l0^i24726
999 ^a ใช้งานได้ทุกระบบ
รายการนี้ยังไม่มีแท็ก
คุณยังไม่ได้ล็อกอิน คุณสามารถมีกิจกรรมร่วมกับเว็บไซต์ได้ แต่ต้องล็อกอินก่อน ::
  ล็อกอิน

รายการสื่อสารสนเทศ

ลำดับที่ ประเภท เลขเรียก/บาร์โค้ด สถานที่ สถานะ
1. นวนิยาย
นวนิยาย
นว. N11ร ฉ.1 
  Barcode: 24726
ห้องสมุดวิทยาเขตสวรรค์ประชารักษ์
►นวนิยาย
บนชั้น
  ขอยืม

BibComment


ยังไม่เคยถูกคอมเมนท์

คอมเมนท์ทรัพยากรรายการนี้
  คอมเมนท์: รักครั้งนี้ สู้ไ..


 Copyright 2026. Bcnsprnw @Library